MARC details
| 000 -LEADER |
| fixed length control field |
03251nam a2200313 a 4500 |
| 001 - CONTROL NUMBER |
| control field |
000077501 |
| 003 - CONTROL NUMBER IDENTIFIER |
| control field |
AM-YEHGA |
| 005 - DATE AND TIME OF LATEST TRANSACTION |
| control field |
20250617121810.0 |
| 008 - FIXED-LENGTH DATA ELEMENTS--GENERAL INFORMATION |
| fixed length control field |
980929s1984 ru |||||||||||rus d |
| 040 ## - CATALOGING SOURCE |
| Original cataloging agency |
AM-YeHGA |
| 041 0# - LANGUAGE CODE |
| Language code of text/sound track or separate title |
rus |
| 090 ## - LOCALLY ASSIGNED LC-TYPE CALL NUMBER (OCLC); LOCAL CALL NUMBER (RLIN) |
| -- |
23899 |
| 245 00 - TITLE STATEMENT |
| Title |
Геологическое строение СССР и закономерности размещения полезных ископаемых : |
| Remainder of title |
В 10-ти томах / |
| Statement of responsibility, etc. |
АН СССР ; Гл. ред. Е.А. Козловский и др. |
| 260 ## - PUBLICATION, DISTRIBUTION, ETC. |
| Place of publication, distribution, etc. |
Ленинград : |
| Name of publisher, distributor, etc. |
Недра. Ленингр. отд-ние, |
| Date of publication, distribution, etc. |
1984-. |
| 300 ## - PHYSICAL DESCRIPTION |
| Extent |
том |
| 505 10 - FORMATTED CONTENTS NOTE |
| Miscellaneous information |
Т. 1 (1985; 356 с. : ил.) : |
| Title |
Русская платформа / |
| Statement of responsibility |
[В.Д. Наливкин, К.Э. Якобсон, В.А. Дедеев и др.] ; Под ред. В.Д. Наливкина, К.Э. Якобсона ; |
| Miscellaneous information |
Т. 6 (1989; 235 с. : ил.) : |
| Title |
Казахстан и Средняя Азия. Казахстанская складчатая область / |
| Statement of responsibility |
[Н.П. Михайлов, Ю.П. Селиверстов, М.Г. Хисамутдинов и др.] ; |
| Miscellaneous information |
Т. 8 (1984; 560 с. : ил.) : |
| Title |
Восток СССР / |
| Statement of responsibility |
[Л.И. Красный, Г.Ф. Уфимцев, И.В. Беляев и др.] |
| Miscellaneous information |
Т. 9 (1984; 280 с. : ил.) |
| Title |
Моря Советской Арктики / |
| Statement of responsibility |
[М.Л. Верба, Ю.Н. Кулаков, В.А. Виноградов и др.] |
| 650 14 - SUBJECT ADDED ENTRY--TOPICAL TERM |
| Topical term or geographic name entry element |
Геология |
| Geographic subdivision |
СССР |
| 700 1# - ADDED ENTRY--PERSONAL NAME |
| Personal name |
Козловский, Евгений Александрович |
| Relator term |
ред. |
| Relationship |
edt |
| 710 2# - ADDED ENTRY--CORPORATE NAME |
| Corporate name or jurisdiction name as entry element |
Академия наук СССР |
| 774 08 - CONSTITUENT UNIT ENTRY |
| Related parts |
Т. 1 |
| Title |
Русская платформа |
| Place, publisher, and date of publication |
Ленинград : Недра. Ленингр. отд-ние, 1985. |
| Physical description |
356 с. ; 27 см ;+ приложения |
| Record control number |
(AM, AiYeEPHG)000168019 |
| 774 08 - CONSTITUENT UNIT ENTRY |
| Related parts |
Т. 4 |
| Title |
Сибирская платформа |
| Place, publisher, and date of publication |
Ленинград : Недра. Ленингр. отд-ние, 1987. |
| Physical description |
448 с. ; 27 см |
| Record control number |
(AM, AiYeEPHG)000173892 |
| 774 08 - CONSTITUENT UNIT ENTRY |
| Related parts |
Т. 6, Кн. 1 |
| Title |
Казахстан и Средняя Азия |
| Place, publisher, and date of publication |
Ленинград : Недра. Ленингр. отд-ние, 1989. |
| Physical description |
236 с. |
| Record control number |
(AM, AiYeEPHG)000100750 |
| 774 08 - CONSTITUENT UNIT ENTRY |
| Related parts |
Т. 7, Кн. 1 |
| Title |
Алтае-Саянский и Забайкало-Верхнеамурский регион |
| Place, publisher, and date of publication |
Ленинград : Недра. Ленингр. отд-ние, 1988. |
| Physical description |
239 с. ; 27 см. |
| Record control number |
(AM, AiYeEPHG)000057506 |
| 774 08 - CONSTITUENT UNIT ENTRY |
| Related parts |
Т. 7, Кн. 2 |
| Title |
Алтае-Саянский и Забайкало-Верхнеамурский регион |
| Place, publisher, and date of publication |
Ленинград : Недра. Ленингр. отд-ние, 1986. |
| Physical description |
300 с. ; 27 см. |
| Record control number |
(AM, AiYeEPHG)000089239 |
| 774 08 - CONSTITUENT UNIT ENTRY |
| Related parts |
Т. 8 |
| Title |
Восток СССР |
| Place, publisher, and date of publication |
Ленинград : Недра. Ленингр. отд-ние, 1984. |
| Physical description |
560 с. |
| Record control number |
(AM, AiYeEPHG)000073558 |
| 774 08 - CONSTITUENT UNIT ENTRY |
| Related parts |
Т. 9 |
| Title |
Моря советской Арктики |
| Place, publisher, and date of publication |
Ленинград : Недра. Ленингр. отд-ние, 1984. |
| Physical description |
280 с. |
| Record control number |
(AM, AiYeEPHG)000126967 |
| 774 08 - CONSTITUENT UNIT ENTRY |
| Related parts |
Т. 10, Кн. 2 |
| Title |
Геологическое строение и минерагения СССР : закономерности размещения полезных ископаемых СССР |
| Place, publisher, and date of publication |
Ленинград : Недра. Ленингр. отд-ние, 1989. |
| Physical description |
620 с. |
| 942 ## - ADDED ENTRY ELEMENTS (KOHA) |
| Source of classification or shelving scheme |
Universal Decimal Classification |
| Koha item type |
Գրքեր / Books |